000 00461nam a22001817a 4500
005 20240831125150.0
008 240831b |||||||| |||| 00| 0 eng d
020 _a978-81-8448-632-2
041 _aeng
082 _a362.110
100 _aSHAKHAKAR, B M
_98475
245 _aPRINCIPLES OF HOSPITALS ADMINISTRATION & PLANNING
250 _a2ND ED. 2009
260 _aNEW DELHI
_bJAYPEE BROTHERS
_c2009
300 _a379; P
650 _aBPT
942 _cBK
999 _c8602
_d8600